¿ Una o varias identidades?: cultura, globalización y migraciones /
El artículo aborda el tema de los flujos migratorios y sus consecuencias sociales, políticas y culturales, las cuales, se menciona, están cambiando. Se señala que aunque los latinos que migran hacia Estados Unidos tienen diferentes patrones culturales y se relacionan de distinta forma con sus nacion...
محفوظ في:
| المؤلف الرئيسي: | |
|---|---|
| التنسيق: | نص |
| الموضوعات: | |
| الوسوم: |
إضافة وسم
لا توجد وسوم, كن أول من يضع وسما على هذه التسجيلة!
|
MARC
| LEADER | 00000 a a2200000 04500 | ||
|---|---|---|---|
| 001 | 10798 | ||
| 003 | |||
| 040 | |||
| 100 | |a Yúdice, George | ||
| 245 | |a ¿ Una o varias identidades?: |b cultura, globalización y migraciones / |c George Yúdice | ||
| 520 | |a El artículo aborda el tema de los flujos migratorios y sus consecuencias sociales, políticas y culturales, las cuales, se menciona, están cambiando. Se señala que aunque los latinos que migran hacia Estados Unidos tienen diferentes patrones culturales y se relacionan de distinta forma con sus naciones de origen, una de las características más notables es el debilitamiento de su identidad nacional y su transformación en latinos estadounidenses. Aun cuando los salvadoreños, o cualquier otro grupo migrante latinoamericano, se resistan a aceptar su asignación panétnica latina, todas las instituciones de la sociedad se la imponen. Se indica que esto exige repensar la forma en que se manejan los flujos migratorios y el modo en que se procesan sus remesas económicas, culturales y delictuales | ||
| 650 | |a CULTURA | ||
| 650 | |a TEORIA | ||
| 650 | |a GLOBALIZACION | ||
| 650 | |a MIGRACION | ||
| 650 | |a ESTADOS UNIDOS | ||
| 650 | |a ASIMILACION DE MIGRANTES | ||
| 650 | |a LATINOAMERICANOS | ||
| 650 | |a IDENTIDAD CULTURAL | ||
| 650 | |a INTEGRACION SOCIAL | ||
| 650 | |a ACULTURACION | ||
| 650 | |a PLURALISMO CULTURAL | ||
| 650 | |a EL SALVADOR | ||
| 650 | |a REMESAS | ||
| 650 | |a DESINTEGRACION DE LA FAMILIA | ||
| 650 | |a CAMBIO SOCIAL | ||
| 650 | |a DELINCUENC | ||
| 773 | |g número 201; páginas 106-116 | ||
| 999 | |c 30134 |d 30134 | ||
